000 00495cam a2200193ua 4500
001 230
005 20260515113134.0
008 110325n ii |||gr||||Z||||||eng
040 _cMAIN
082 _a301.0954
245 1 _aIndian society and social institution.
_cBy Dr Vatsyayan.
250 _a9th.
260 _aNew Delhi.:
_bKedar Nath Ram Nath.
300 _a268 p.:5 cm.
653 _aSociology.
653 _aIndian society and social institution.
700 1 _aVatsyayan.,
942 _cBK
999 _c196
_d196